000 00329nam a2200133Ia 4500
008 191201s2005 xx 000 0 und d
100 _aNORMAH Lewis
245 0 _aHow to Read Better and Faster
250 _a4th
260 _aN.Delhi
_bBinny Publishing House
_c2005
300 _a239
650 _aGeneral Books
942 _2ddc
_cBK
999 _c2436
_d2436